Normal view
MARC view
Entry Personal Name
001 - CONTROL NUMBER
- control field: 44558
003 - CONTROL NUMBER IDENTIFIER
- control field: dpl
005 - DATE AND TIME OF LATEST TRANSACTION
- control field: 20120330121918.0
008 - FIXED-LENGTH DATA ELEMENTS
- fixed length control field: 120330|||a|||||| | ||| d
040 ## - CATALOGING SOURCE
- Original cataloging agency: dpl
- Transcribing agency: dpl
100 ## - HEADING--PERSONAL NAME
- Personal name: Vanamali
670 ## - SOURCE DATA FOUND
- Source citation: Work cat.: (dpl): Vanamali, Sri Shiva Lila :, 2002
670 ## - SOURCE DATA FOUND
- Source citation: Work cat.: (dpl): Vanamali, Sri Shiva Lila :, 2002
